000 00521nam a22001577a 4500
008 150327b xxu||||| |||| 00| 0 eng d
020 _a9789871073566
082 _a861.982
_bR 696p
100 _aRodriguez, Martin
_92326
245 _aParaguay
_cRodriguez, Martin
260 _aBahia Blanca, Buenos Aires/Argentina
_bVox Senda
_c2012
300 _a64 p.
_bill.
_c20 cm
_e4 ilustraciones a color
500 _aCuatro ilustraciones adjuntas
650 _xLiteratura
_xPoesía
_zArgentina
_92134
700 _aMartin Rodriguez
_92327
999 _c493
_d493